000 00617nam a2200217Ia 4500
003 GCL
008 140319s9999 xx 000 0 eng d
040 _aGCL /
_cGCL
082 0 4 _a955.054
_bR I
100 1 _aRABNEMA, SAEED
245 1 0 _aIRAN AFTER THE REVOLUTION: CRISIS OF AN ISLAMIC STATE /
_cRABNEMA, SAEED
700 1 _aBEBDAD, SABRAB
260 _a[S.N] :
_bI.B. TAURIS & CO LTD ،
_c1995
300 _a292 P
650 0 4 _aنجد
650 0 4 _aMODERN HISTORY
650 0 4 _aIRAN - HISTORY 1979
650 0 4 _aIRAN - HISTORY - REVOLUTION,1979
650 0 4 _aIRAN - ECONOMIC CONDITIONS
942 _2ddc
_cBK
999 _c13351
_d13351